[Event "Xtracon Grand Master 2015"]
[Site "Koge"]
[Date "2015.10.12"]
[Round "1"]
[White "Stage Steffensen, Theo"]
[Black "Lauritsen, Martin Lee"]
[Result "0-1"]
[WhiteElo "1033"]
[BlackElo "2097"]
[PlyCount "90"]
[EventDate "2015.??.??"]

1. e4 c5 2. f4 Nc6 3. Nf3 d6 4. c3 Nf6 5. d4 cxd4 6. cxd4 Qa5+ 7. Nc3 Nxe4 8.
Ke2 Qxc3 9. bxc3 Nxc3+ 10. Ke1 Nxd1 11. Kxd1 Bg4 12. Be2 e6 13. h3 Bxf3 14.
Bxf3 d5 15. Re1 Nxd4 16. Bxd5 O-O-O 17. Bxb7+ Kxb7 18. Rb1+ Ka8 19. Bd2 Bc5 20.
a4 Rd5 21. Kc1 Ba3+ 22. Kd1 Rhd8 23. Re5 Nc6 24. Rxd5 Rxd5 25. Ke2 Nd4+ 26. Kf2
Nf5 27. Bc3 Bc5+ 28. Kf1 Ng3+ 29. Ke1 Bf2+ 30. Kxf2 Ne4+ 31. Ke1 Nxc3 32. Rb4
Rd1+ 33. Kf2 Rd2+ 34. Kf1 Nd5 35. Rb5 Nxf4 36. a5 Rd5 37. Rb4 Rxa5 38. Rxf4 Rf5
39. Rxf5 exf5 40. g3 Kb7 41. h4 Kc6 42. Ke2 Kd5 43. Kd3 a5 44. Kc3 Ke4 45. Kb3
Kf3 0-1

[Event "Xtracon Grand Master 2015"]
[Site "Koge"]
[Date "2015.10.13"]
[Round "2"]
[White "Percivaldi, Martin"]
[Black "Fier, Alexandr"]
[Result "1-0"]
[WhiteElo "2246"]
[BlackElo "2624"]
[PlyCount "89"]
[EventDate "2015.??.??"]

1. d4 Nf6 2. c4 e6 3. Nf3 c5 4. d5 exd5 5. cxd5 d6 6. Nc3 g6 7. Bf4 a6 8. a4
Bg7 9. h3 O-O 10. e3 Re8 11. Nd2 Nbd7 12. Be2 Ne5 13. O-O Nfd7 14. Bh2 f5 15.
Re1 b6 16. Bf1 Nf6 17. Qb3 Rb8 18. Rad1 Nf7 19. e4 fxe4 20. Ndxe4 Nxe4 21. Nxe4
Rxe4 22. Rxe4 Bf5 23. Re6 b5 24. axb5 axb5 25. Rde1 Ne5 26. Bxe5 Bxe5 27. R6xe5
dxe5 28. Rxe5 Qd6 29. Qg3 Kg7 30. Re7+ Qxe7 31. Qxb8 b4 32. Bb5 Qe1+ 33. Kh2
Qxf2 34. Qe5+ Kh6 35. d6 Qd2 36. Qxc5 Be4 37. Bf1 Bf5 38. Qe5 Bd7 39. h4 Bc6
40. Kg3 Qd1 41. Qe3+ Kg7 42. Qe7+ Kh6 43. Qf8+ Kh5 44. Qf4 Qe1+ 45. Kh3 1-0

[Event "Xtracon Grand Master 2015"]
[Site "Koge"]
[Date "2015.10.13"]
[Round "2"]
[White "Pedersen, Henrik Dahl"]
[Black "Chatalbashev, Boris"]
[Result "0-1"]
[WhiteElo "2199"]
[BlackElo "2550"]
[PlyCount "60"]
[EventDate "2015.??.??"]

1. d4 d6 2. Nf3 g6 3. Nc3 Bg7 4. e4 Nf6 5. h3 O-O 6. Be3 a6 7. Bd3 b5 8. Qd2
Bb7 9. a3 Nbd7 10. O-O c5 11. e5 Nh5 12. e6 Bxf3 13. exd7 cxd4 14. gxf3 dxc3
15. bxc3 Qxd7 16. Kh2 Rac8 17. Bd4 Be5+ 18. Bxe5 dxe5 19. Rg1 Qd6 20. Kh1 Nf4
21. Rg3 Rfd8 22. h4 Rc4 23. Rd1 Nxd3 24. cxd3 Rxh4+ 25. Kg2 Rh5 26. a4 bxa4 27.
Qa2 Rh4 28. d4 a3 29. Rg5 exd4 30. Rxd4 Qh2+ 0-1

[Event "Xtracon Grand Master 2015"]
[Site "Koge"]
[Date "2015.10.13"]
[Round "2"]
[White "Rozentalis, Eduardas"]
[Black "Bekker Jensen, David"]
[Result "1-0"]
[WhiteElo "2541"]
[BlackElo "2287"]
[PlyCount "39"]
[EventDate "2015.??.??"]

1. e4 e5 2. Nf3 Nc6 3. Nc3 Nf6 4. g3 Bc5 5. Bg2 d6 6. d3 a6 7. O-O Be6 8. Be3
Bxe3 9. fxe3 Qd7 10. d4 Bh3 11. Bxh3 Qxh3 12. Nd5 O-O-O 13. Ng5 Qd7 14. Nxf6
gxf6 15. Rxf6 Rhg8 16. Nxf7 Rdf8 17. dxe5 Qe7 18. Qd5 Nxe5 19. Raf1 Ng4 20.
Nxd6+ 1-0

[Event "Xtracon Grand Master 2015"]
[Site "Koge"]
[Date "2015.10.13"]
[Round "2"]
[White "Pedersen, Hans Dahl"]
[Black "Maiorov, Nikita"]
[Result "0-1"]
[WhiteElo "2187"]
[BlackElo "2538"]
[PlyCount "64"]
[EventDate "2015.??.??"]

1. c4 Nf6 2. g3 c6 3. Nf3 d5 4. Bg2 dxc4 5. O-O Nbd7 6. Na3 Nb6 7. Qc2 g6 8.
Nxc4 Nxc4 9. Qxc4 Bg7 10. d3 O-O 11. Qc2 Nd5 12. a3 a5 13. Bd2 h6 14. Bc3 Nxc3
15. bxc3 Bd7 16. Rab1 b5 17. a4 Rb8 18. Nd2 Qc7 19. Ne4 Qa7 20. d4 Bf5 21. e3
e5 22. Qe2 exd4 23. cxd4 Qe7 24. Qc2 Rfe8 25. f3 Qa3 26. Rfe1 bxa4 27. Qxc6
Rec8 28. Rxb8 Rxb8 29. Nd6 Rb1 30. Qe8+ Kh7 31. Rxb1 Bxb1 32. Nxf7 Qc1+ 0-1

[Event "Xtracon Grand Master 2015"]
[Site "Koge"]
[Date "2015.10.13"]
[Round "2"]
[White "Blomqvist, Erik"]
[Black "Andreasen, Henrik"]
[Result "0-1"]
[WhiteElo "2530"]
[BlackElo "2219"]
[PlyCount "80"]
[EventDate "2015.??.??"]

1. e4 e6 2. d4 d5 3. e5 c5 4. c3 Nc6 5. Nf3 Nh6 6. Bxh6 gxh6 7. Be2 Bg7 8. O-O
O-O 9. Na3 Bd7 10. Nc2 Rc8 11. Qd2 Qa5 12. b4 cxb4 13. cxb4 Qa4 14. Rfc1 Ne7
15. Nce1 Bb5 16. Bxb5 Qxb5 17. Rc5 Rxc5 18. bxc5 b6 19. Nd3 Nc6 20. Rc1 Na5 21.
g3 Nc4 22. Qe2 Rc8 23. Kg2 Bf8 24. cxb6 axb6 25. Nf4 Ra8 26. Nh5 Be7 27. h4 Ra3
28. Rc2 Kh8 29. Nh2 Qe8 30. Ng4 Qg8 31. Rc1 Qg6 32. Nf4 Qg7 33. Kh3 Bxh4 34.
Rxc4 dxc4 35. Kxh4 Qg5+ 36. Kh3 Qxf4 37. Qxc4 Qf5 38. Qc1 Ra8 39. Qxh6 Rg8 40.
Qh4 Rg5 0-1

[Event "Xtracon Grand Master 2015"]
[Site "Koge"]
[Date "2015.10.13"]
[Round "2"]
[White "Henriksen, Kasper"]
[Black "Danielsen, Henrik"]
[Result "0-1"]
[WhiteElo "2158"]
[BlackElo "2509"]
[PlyCount "68"]
[EventDate "2015.??.??"]

1. d4 d6 2. e4 g6 3. c4 e5 4. Nc3 Nd7 5. Nf3 Bg7 6. Bg5 Ne7 7. h4 h6 8. Be3 f5
9. dxe5 dxe5 10. exf5 gxf5 11. g3 b6 12. Bg2 e4 13. Bd4 Nf6 14. Bxf6 Qxd1+ 15.
Rxd1 Bxf6 16. Nd4 Ba6 17. Nxf5 Nxf5 18. Bxe4 O-O 19. Bxa8 Rxa8 20. Rd7 c6 21.
Kd2 Bxc4 22. Re1 a5 23. b3 Bf7 24. Ne4 Be7 25. g4 Bb4+ 26. Nc3 Nxh4 27. Rh1
Nf3+ 28. Kc2 Ne5 29. Rd4 Bg6+ 30. Kb2 Nd3+ 31. Rxd3 Bxd3 32. Rxh6 Rf8 33. Rxc6
Rxf2+ 34. Kc1 Rc2+ 0-1

[Event "Xtracon Grand Master 2015"]
[Site "Koge"]
[Date "2015.10.13"]
[Round "2"]
[White "Miezis, Normunds"]
[Black "Eriksson, Christian Altenburg"]
[Result "1-0"]
[WhiteElo "2494"]
[BlackElo "2215"]
[PlyCount "97"]
[EventDate "2015.??.??"]

1. c4 c5 2. Nc3 g6 3. g3 Bg7 4. Bg2 Nc6 5. a3 d6 6. Rb1 a5 7. d3 e5 8. f4 Nge7
9. Nf3 O-O 10. O-O Rb8 11. e4 f5 12. Bd2 h6 13. Nd5 b6 14. Re1 Kh7 15. Bc3 fxe4
16. dxe4 Nd4 17. Nxd4 cxd4 18. Bd2 Nxd5 19. cxd5 b5 20. Rf1 Qb6 21. fxe5 Rxf1+
22. Qxf1 dxe5 23. b4 a4 24. Rc1 Bd7 25. Rc5 Rf8 26. Qc1 Rf7 27. Rc7 Qf6 28. Qf1
Qd8 29. Qxf7 Qxc7 30. Qe7 h5 31. Bg5 d3 32. h4 Qb6+ 33. Kh2 Bg4 34. Qf7 Qd6 35.
Qb7 Bd7 36. Qa7 Kg8 37. Bf1 Qf8 38. Kg1 Bg4 39. Qe3 d2 40. Qxd2 Qf3 41. Qd3 Bf8
42. Qxf3 Bxf3 43. Bd3 Bd1 44. Kf2 Bd6 45. Bxb5 Kf7 46. Bd3 Bb3 47. Ke2 Bc7 48.
Kd2 Bb6 49. Be3 1-0

[Event "Xtracon Grand Master 2015"]
[Site "Koge"]
[Date "2015.10.13"]
[Round "2"]
[White "Molvig, Henrik"]
[Black "Antonsen, Mikkel"]
[Result "0-1"]
[WhiteElo "2125"]
[BlackElo "2459"]
[PlyCount "86"]
[EventDate "2015.??.??"]

1. d4 d5 2. c4 e6 3. Nc3 a6 4. cxd5 exd5 5. Nf3 c6 6. Bf4 Bd6 7. Bxd6 Qxd6 8.
e3 Nf6 9. Qc2 Nbd7 10. Bd3 O-O 11. O-O Re8 12. h3 Nf8 13. Na4 Ne4 14. Nb6 Rb8
15. Nxc8 Rbxc8 16. Bxe4 dxe4 17. Nd2 c5 18. dxc5 Rxc5 19. Nxe4 Rxc2 20. Nxd6
Re6 21. Nxb7 Rb6 22. Na5 Rbxb2 23. Nb3 Rxa2 24. Rxa2 Rxa2 25. Rc1 g6 26. Nd4 a5
27. Rc7 a4 28. Ra7 h6 29. g3 Nh7 30. Nb5 Ng5 31. Nc3 Rc2 32. h4 Nh3+ 33. Kg2
Nxf2 34. Nxa4 Ng4+ 35. Kh1 Nxe3 36. Nb6 Rc1+ 37. Kh2 Ng4+ 38. Kg2 Rc2+ 39. Kg1
Rc3 40. Kg2 Nf6 41. Re7 Nh5 42. Nd5 Rxg3+ 43. Kf2 Rg4 0-1

[Event "Xtracon Grand Master 2015"]
[Site "Koge"]
[Date "2015.10.13"]
[Round "2"]
[White "Okhotnik, Vladimir"]
[Black "Pedersen, Jan Nordenbaek"]
[Result "1-0"]
[WhiteElo "2448"]
[BlackElo "2196"]
[PlyCount "81"]
[EventDate "2015.??.??"]

1. e4 c5 2. Nf3 Nc6 3. Bc4 e6 4. O-O a6 5. d3 d6 6. c3 Nf6 7. Bb3 Be7 8. Re1
O-O 9. Nbd2 b6 10. Nf1 Bb7 11. Ng3 Ne5 12. Bf4 Ng6 13. Bd2 Rc8 14. Bc2 Qc7 15.
Rc1 Rfe8 16. d4 Qb8 17. h4 Qa8 18. h5 Nf8 19. h6 g6 20. Bg5 d5 21. e5 Ne4 22.
Bxe7 Rxe7 23. Qe2 cxd4 24. Nxd4 Qb8 25. Qg4 Qxe5 26. Nxe4 dxe4 27. Bxe4 Bxe4
28. Rxe4 Qd5 29. a3 f5 30. Qg5 Rf7 31. Ree1 e5 32. Nf3 Ne6 33. Qe3 e4 34. Rcd1
Qb5 35. Rd6 Nc5 36. Ng5 Re7 37. Red1 Rce8 38. Qd4 Nd3 39. Rxb6 Rd7 40. Rxb5
Rxd4 41. Rb7 1-0

[Event "Xtracon Grand Master 2015"]
[Site "Koge"]
[Date "2015.10.13"]
[Round "2"]
[White "Lauritsen, Niels"]
[Black "Bekker Jensen, Simon"]
[Result "0-1"]
[WhiteElo "2109"]
[BlackElo "2438"]
[PlyCount "44"]
[EventDate "2015.??.??"]

1. d4 Nf6 2. Nc3 d5 3. Bg5 Nbd7 4. Qd3 c5 5. Bxf6 Nxf6 6. dxc5 e6 7. e4 Nxe4 8.
Nxe4 dxe4 9. Qxe4 Bxc5 10. Bb5+ Ke7 11. Bd3 Qd4 12. Nh3 Qxe4+ 13. Bxe4 Rd8 14.
Nf4 Rd4 15. f3 f5 16. Ne2 fxe4 17. Nxd4 Bxd4 18. c3 Be5 19. fxe4 Bd7 20. O-O
Bb5 21. Rf3 Rd8 22. g3 Bc7 0-1

[Event "Xtracon Grand Master 2015"]
[Site "Koge"]
[Date "2015.10.13"]
[Round "2"]
[White "Kristiansen, Jens"]
[Black "Hartung Nielsen, Jens"]
[Result "1/2-1/2"]
[WhiteElo "2431"]
[BlackElo "2183"]
[PlyCount "144"]
[EventDate "2015.??.??"]

1. e4 c5 2. d3 Nc6 3. g3 g6 4. Bg2 Bg7 5. Nf3 e5 6. O-O Nge7 7. Nc3 O-O 8. Nd2
d6 9. Nc4 Be6 10. Nd5 Qd7 11. a4 f5 12. c3 Rae8 13. Be3 Kh8 14. Qd2 Bg8 15. f4
b6 16. Rae1 Be6 17. b4 cxb4 18. cxb4 Nd4 19. Bxd4 exd4 20. b5 fxe4 21. dxe4
Nxd5 22. exd5 Bf5 23. Qb4 Rd8 24. Rf2 Qc7 25. h3 h5 26. Kh2 Rf7 27. Be4 Kh7 28.
Bxf5 Rxf5 29. Re6 Rxd5 30. Qb3 Rc5 31. Nd2 Rc2 32. Qd3 Qf7 33. Rxg6 Qxg6 34. f5
Qf6 35. Qxc2 d5 36. Nf3 Bh6 37. Qd3 Re8 38. Qxd4 Qxf5 39. Nh4 Qe5 40. Qd3+ Qe4
41. Qd1 Qe1 42. Rf7+ Kg8 43. Qxd5 Qe6 44. Qxe6 Rxe6 45. Rxa7 Re2+ 46. Ng2 h4
47. gxh4 Bf4+ 48. Kg1 Bg3 49. Rd7 Ra2 50. Rd1 Rxa4 51. Ne3 Ra2 52. Nf5 Bf2+ 53.
Kg2 Bxh4+ 54. Kf3 Bf2 55. Rd7 Bc5 56. h4 Rb2 57. h5 Rxb5 58. h6 Bf8 59. h7+ Kh8
60. Kg4 Rb1 61. Rd8 Kxh7 62. Rxf8 Kg6 63. Nh4+ Kg7 64. Rf2 Rb4+ 65. Kg5 Rb5+
66. Nf5+ Kf7 67. Re2 Ra5 68. Re7+ Kf8 69. Rd7 Ke8 70. Rb7 Kd8 71. Kf6 Ra1 72.
Ne7 Re1 1/2-1/2

[Event "Xtracon Grand Master 2015"]
[Site "Koge"]
[Date "2015.10.13"]
[Round "2"]
[White "Lauritsen, Martin Lee"]
[Black "Hagen, Andreas Skytte"]
[Result "0-1"]
[WhiteElo "2097"]
[BlackElo "2396"]
[PlyCount "106"]
[EventDate "2015.??.??"]

1. e4 e5 2. Nf3 Nc6 3. Bb5 Nf6 4. O-O Nxe4 5. Re1 Nd6 6. Nxe5 Be7 7. Bf1 Nf5 8.
c3 O-O 9. d4 Nxe5 10. Rxe5 g6 11. Nd2 d5 12. g3 c6 13. Bg2 Ng7 14. Nf1 Be6 15.
Re1 Qd7 16. Bf4 f6 17. Qd2 Rfe8 18. Re2 g5 19. Be3 Bd6 20. Rae1 Re7 21. f3 Rae8
22. Bf2 Rf7 23. g4 h5 24. h3 Rfe7 25. Bg3 Bf7 26. Bxd6 Rxe2 27. Rxe2 Rxe2 28.
Qxe2 Qxd6 29. Ne3 Bg6 30. Bf1 Kf7 31. Qh2 Qxh2+ 32. Kxh2 h4 33. f4 Bb1 34. fxg5
fxg5 35. a3 Ne6 36. Ng2 Be4 37. b4 b6 38. Kg1 c5 39. bxc5 bxc5 40. dxc5 Nxc5
41. Kf2 Na4 42. c4 d4 43. Ne1 Kf6 44. Bd3 Bc6 45. Bf1 Nb2 46. Be2 Ke5 47. Nd3+
Nxd3+ 48. Bxd3 Kd6 49. Bf1 Kc5 50. Ke1 Bb7 51. Kd2 Ba6 52. Kc2 Bxc4 53. Bg2 Kd6
0-1

[Event "Xtracon Grand Master 2015"]
[Site "Koge"]
[Date "2015.10.13"]
[Round "2"]
[White "Ahlander, Bjorn"]
[Black "Schou Moldt, Thomas"]
[Result "1/2-1/2"]
[WhiteElo "2378"]
[BlackElo "2144"]
[PlyCount "128"]
[EventDate "2015.??.??"]

1. d4 d5 2. c4 c6 3. Nc3 Nf6 4. Nf3 e6 5. e3 Nbd7 6. Bd3 dxc4 7. Bxc4 b5 8. Bd3
Bb7 9. O-O a6 10. e4 c5 11. e5 cxd4 12. Nxb5 Bxf3 13. Qxf3 Nd5 14. Nxd4 Nxe5
15. Qe4 Nxd3 16. Qxd3 Bc5 17. Qc4 Bxd4 18. Qxd4 O-O 19. b3 Qf6 20. Qxf6 Nxf6
21. Ba3 Rfc8 22. Rfc1 Nd5 23. Kf1 f6 24. g3 Kf7 25. Ke2 g5 26. h3 h5 27. Rc4
Ke8 28. Rac1 Kd7 29. Bb2 Rab8 30. Bd4 e5 31. Bc5 Ke6 32. Kf3 Rb7 33. Ke2 Rd7
34. Kf3 Rb7 35. Ke2 Rd7 36. Ba3 Rdc7 37. Kf3 f5 38. Bc5 g4+ 39. hxg4 hxg4+ 40.
Ke2 f4 41. gxf4 Nxf4+ 42. Ke3 Kf5 43. Bd6 Nd5+ 44. Kd2 Rxc4 45. bxc4 Nf6 46.
Ke2 Rc6 47. Bb4 Ke4 48. Bd2 Nh5 49. c5 Nf4+ 50. Bxf4 exf4 51. f3+ gxf3+ 52. Kf2
Kd4 53. Kxf3 Rxc5 54. Rxc5 Kxc5 55. Kxf4 Kd4 56. a4 a5 57. Kf3 Kc4 58. Ke2 Kb4
59. Kd2 Kxa4 60. Kc2 Kb4 61. Kb2 a4 62. Ka2 a3 63. Kb1 Kb3 64. Ka1 a2 1/2-1/2

[Event "Xtracon Grand Master 2015"]
[Site "Koge"]
[Date "2015.10.13"]
[Round "2"]
[White "Molvig, Julius"]
[Black "Hoi, Carsten"]
[Result "0-1"]
[WhiteElo "1879"]
[BlackElo "2377"]
[PlyCount "44"]
[EventDate "2015.??.??"]

1. d4 d5 2. c4 dxc4 3. Nf3 Nf6 4. e3 Bg4 5. Nc3 a6 6. Bxc4 e6 7. O-O Nc6 8. a3
Bd6 9. Kh1 Qe7 10. b4 Rd8 11. Qe2 e5 12. d5 e4 13. dxc6 exf3 14. Qc2 b5 15. Bd3
Qe5 16. g3 Bh3 17. Re1 Ng4 18. Bf5 Qxf5 19. Qxf5 Nxf2+ 20. Kg1 Bxf5 21. Kxf2
Be5 22. e4 Bxc3 0-1

[Event "Xtracon Grand Master 2015"]
[Site "Koge"]
[Date "2015.10.13"]
[Round "2"]
[White "Jacobsen, Mikkel Manosri"]
[Black "Bruun, Henrik Emil"]
[Result "1-0"]
[WhiteElo "2331"]
[BlackElo "2115"]
[PlyCount "53"]
[EventDate "2015.??.??"]

1. Nf3 d6 2. d4 g6 3. c4 Bg7 4. Nc3 Nd7 5. Qc2 c5 6. e3 Ngf6 7. Be2 O-O 8. O-O
e5 9. Rd1 Qe7 10. dxe5 dxe5 11. e4 h6 12. Nd5 Nxd5 13. cxd5 b6 14. a4 a5 15.
Nd2 f5 16. exf5 gxf5 17. Bb5 Nf6 18. Nc4 Rb8 19. Qe2 Ne4 20. d6 Qf6 21. f3 Ng5
22. d7 Bb7 23. f4 Nf7 24. fxe5 Nxe5 25. Bf4 Nc6 26. Bxc6 Bxc6 27. Bxb8 1-0

[Event "Xtracon Grand Master 2015"]
[Site "Koge"]
[Date "2015.10.13"]
[Round "2"]
[White "Nielsen, Rogvi Egilstoft"]
[Black "Andersen, Rune"]
[Result "0-1"]
[WhiteElo "2301"]
[BlackElo "2103"]
[PlyCount "102"]
[EventDate "2015.??.??"]

1. e4 c5 2. b4 cxb4 3. a3 d5 4. exd5 Qxd5 5. Nf3 e5 6. axb4 Bxb4 7. c3 Be7 8.
Na3 Nc6 9. Bc4 Qe4+ 10. Be2 Nf6 11. O-O O-O 12. Re1 Bg4 13. h3 Bh5 14. d3 Qd5
15. Nc4 Rfe8 16. Ne3 Qd7 17. Qb3 Rad8 18. Nc4 Qc7 19. Be3 Nd5 20. Bxa7 b5 21.
Ncxe5 Nxa7 22. d4 Bf6 23. c4 Nf4 24. cxb5 Nxe2+ 25. Rxe2 Bxe5 26. b6 Qb8 27.
Nxe5 Nb5 28. Qxb5 Bxe2 29. Qxe2 Qxb6 30. Qa2 Qe6 31. Qa4 Qd6 32. Qa2 Qd5 33.
Qxd5 Rxd5 34. Ra7 Rxd4 35. Nxf7 h6 36. g3 Rd2 37. Rc7 Re1+ 38. Kg2 Ree2 39. Kg1
Rxf2 40. Nd8 Rg2+ 41. Kf1 Rxg3 42. Ne6 Rg6 43. Rc8+ Kf7 44. Nf4 Ra6 45. Rc7+
Kf6 46. Rc1 Kg5 47. Ne2 Kh4 48. Ng1 Rf6+ 49. Ke1 Rg2 50. Rc4+ Kh5 51. Ne2 Re6
0-1

[Event "Xtracon Grand Master 2015"]
[Site "Koge"]
[Date "2015.10.13"]
[Round "2"]
[White "Korneev, Oleg"]
[Black "Petersen, Peter Birk"]
[Result "1-0"]
[WhiteElo "2594"]
[BlackElo "2179"]
[PlyCount "87"]
[EventDate "2015.??.??"]

1. e4 c5 2. Nf3 e6 3. d4 cxd4 4. Nxd4 Nc6 5. Nb5 d6 6. Bf4 e5 7. Be3 Be6 8. Nd2
a6 9. Nc3 Nf6 10. Nc4 Be7 11. Nd5 O-O 12. Nxf6+ Bxf6 13. Qxd6 Nd4 14. Bxd4 exd4
15. Qxd8 Raxd8 16. Bd3 Rfe8 17. Nd2 Bg5 18. Nf3 Be7 19. O-O h6 20. a3 Bc5 21.
Nd2 Bd7 22. f4 Bc6 23. g4 b5 24. Kf2 f6 25. h4 Bd6 26. Kf3 Re7 27. h5 Rf8 28.
Nb3 f5 29. gxf5 Rxf5 30. Kg4 Rf8 31. e5 Bd7+ 32. Kg3 Bc7 33. Nxd4 Rxe5 34. fxe5
Bxe5+ 35. Kg2 Rxf1 36. Rxf1 Bxd4 37. c3 Bf6 38. Bf5 Bc6+ 39. Kg3 Kf7 40. Re1
Bg5 41. Kg4 Bd5 42. Bc8 a5 43. Kf5 Bc4 44. Be6+ 1-0

[Event "Xtracon Grand Master 2015"]
[Site "Koge"]
[Date "2015.10.13"]
[Round "2"]
[White "Doluhanova, Evgeniya"]
[Black "Chittka, Julius"]
[Result "1-0"]
[WhiteElo "2216"]
[BlackElo "2053"]
[PlyCount "129"]
[EventDate "2015.??.??"]

1. e4 c5 2. Nf3 Nc6 3. d4 cxd4 4. Nxd4 g6 5. c4 Nf6 6. Nc3 Nxd4 7. Qxd4 d6 8.
Be2 Bg7 9. Be3 O-O 10. Qd2 a5 11. Rc1 a4 12. f3 Qa5 13. Rc2 Be6 14. Nd5 Qxd2+
15. Kxd2 Nxd5 16. cxd5 Bd7 17. Rc7 Rfd8 18. Rhc1 Bxb2 19. R1c2 a3 20. Rxb7 Ba4
21. Rcc7 Rdc8 22. Bd1 Rxc7 23. Rxc7 Bxd1 24. Kxd1 Kf8 25. Ba7 Ke8 26. Rb7 Kd8
27. Bb6+ Ke8 28. Ke2 Rc8 29. Rc7 Rb8 30. Rc6 Kd7 31. Kd3 f5 32. h3 fxe4+ 33.
fxe4 Ra8 34. Rc7+ Ke8 35. g4 Ra4 36. Ra7 Rb4 37. Ra8+ Kf7 38. Be3 h5 39. Bh6 e5
40. Ra7+ Ke8 41. Be3 hxg4 42. hxg4 g5 43. Ra6 Kd7 44. Rb6 Ra4 45. Rb7+ Kc8 46.
Rb6 Kc7 47. Rc6+ Kd7 48. Rc4 Ra8 49. Bb6 Ra6 50. Rc7+ Kd8 51. Rc6+ Kd7 52. Rc7+
Kd8 53. Rc6+ Kd7 54. Be3 Rxc6 55. dxc6+ Kxc6 56. Bxg5 d5 57. Bf6 Bc1 58. Bxe5
dxe4+ 59. Kxe4 Bg5 60. Kf5 Bc1 61. Bf4 Bb2 62. Ke6 Kc5 63. g5 Kc4 64. g6 Bg7
65. Bd6 1-0

[Event "Xtracon Grand Master 2015"]
[Site "Koge"]
[Date "2015.10.13"]
[Round "2"]
[White "Nielsen, Hogni Egilstoft"]
[Black "Gottschalck, Christian"]
[Result "1-0"]
[WhiteElo "2314"]
[BlackElo "1817"]
[PlyCount "57"]
[EventDate "2015.??.??"]

1. e4 d5 2. exd5 Nf6 3. Be2 Nxd5 4. d4 c6 5. h3 Bf5 6. Nf3 e6 7. O-O Be7 8. Re1
Nd7 9. c3 O-O 10. Bf1 h6 11. Nbd2 N5f6 12. Nc4 Re8 13. Bf4 Nb6 14. Ne3 Bh7 15.
Qb3 Nfd5 16. Bh2 Qc8 17. a4 Rd8 18. a5 Nd7 19. Nc4 N7f6 20. Nfe5 c5 21. Rac1
Ne4 22. Bd3 Ndf6 23. Bb1 Nd6 24. Bxh7+ Nxh7 25. Ne3 Ne8 26. d5 exd5 27. Nxd5
Bd6 28. Ne7+ Bxe7 29. Qxf7+ 1-0

[Event "Xtracon Grand Master 2015"]
[Site "Koge"]
[Date "2015.10.13"]
[Round "2"]
[White "Moe, Mogens"]
[Black "Andersen, Daniel"]
[Result "1-0"]
[WhiteElo "2082"]
[BlackElo "1869"]
[PlyCount "69"]
[EventDate "2015.??.??"]

1. e4 e6 2. d4 d5 3. Nd2 c5 4. Ngf3 cxd4 5. exd5 Qxd5 6. Bc4 Qd6 7. O-O Nf6 8.
Nb3 Nc6 9. Re1 a6 10. Nbxd4 Nxd4 11. Nxd4 Qc7 12. Bb3 Bd6 13. h3 O-O 14. Qf3
Bd7 15. Bg5 Bc6 16. Nxc6 Qxc6 17. Qxc6 bxc6 18. Rad1 Rfd8 19. Rd3 Be7 20. Red1
Rxd3 21. Rxd3 Rd8 22. Rxd8+ Bxd8 23. Bc4 a5 24. a4 Bb6 25. Bd3 h6 26. Bd2 c5
27. Kf1 Kf8 28. Ke2 Ke7 29. Bc3 g6 30. Bd2 Ng8 31. Bb5 h5 32. Kd3 Kd6 33. Be8
Ke7 34. Bc6 Kd6 35. Bf3 1-0

[Event "Xtracon Grand Master 2015"]
[Site "Koge"]
[Date "2015.10.13"]
[Round "2"]
[White "Andersen, Bjarne Hjorth"]
[Black "Jensen, Tommy"]
[Result "1/2-1/2"]
[WhiteElo "2037"]
[BlackElo "1849"]
[PlyCount "34"]
[EventDate "2015.??.??"]

1. e4 e5 2. Nf3 Nc6 3. d4 exd4 4. Nxd4 Nxd4 5. Qxd4 d6 6. Nc3 Nf6 7. Bg5 Be7 8.
O-O-O O-O 9. Kb1 Be6 10. h4 Ng4 11. f3 Ne5 12. Bxe7 Qxe7 13. Nd5 Bxd5 14. exd5
Qf6 15. Bd3 Nxd3 16. Qxd3 Rfe8 17. h5 Re7 1/2-1/2

[Event "Xtracon Grand Master 2015"]
[Site "Koge"]
[Date "2015.10.13"]
[Round "2"]
[White "Marthedal, Anton Mehmet Yildiz"]
[Black "Nielsen, Jan Mose"]
[Result "0-1"]
[WhiteElo "1866"]
[BlackElo "2014"]
[PlyCount "34"]
[EventDate "2015.??.??"]

1. d4 d5 2. Nf3 Nf6 3. e3 c6 4. b3 a6 5. Ba3 Bg4 6. Bd3 Nbd7 7. O-O Bxf3 8.
Qxf3 e5 9. Bxf8 e4 10. Qg3 Nxf8 11. Be2 Ne6 12. c4 O-O 13. cxd5 cxd5 14. Nc3
Qa5 15. Rfc1 Rac8 16. Na4 Rxc1+ 17. Rxc1 Qd2 0-1

[Event "Xtracon Grand Master 2015"]
[Site "Koge"]
[Date "2015.10.13"]
[Round "2"]
[White "Larsen, Ulrik"]
[Black "Rendlev, Niels Moller"]
[Result "1-0"]
[WhiteElo "1996"]
[BlackElo "1777"]
[PlyCount "47"]
[EventDate "2015.??.??"]

1. e4 e6 2. d3 d5 3. Nd2 c5 4. Ngf3 Nc6 5. g3 Be7 6. Bg2 Nf6 7. O-O O-O 8. Re1
Qc7 9. e5 Nd7 10. Qe2 Re8 11. Nf1 Nf8 12. h4 Bd7 13. N1h2 Rac8 14. c3 d4 15. h5
dxc3 16. bxc3 Nd8 17. Ng4 Bc6 18. Bf4 Kh8 19. Qe3 b6 20. Nf6 gxf6 21. exf6 Bd6
22. Bxd6 Qxd6 23. Qh6 Ng6 24. Qg7# 1-0

[Event "Xtracon Grand Master 2015"]
[Site "Koge"]
[Date "2015.10.13"]
[Round "2"]
[White "Nielsen, Jens Holm"]
[Black "Nielsen, Morten Majlund"]
[Result "1/2-1/2"]
[WhiteElo "1827"]
[BlackElo "1980"]
[PlyCount "142"]
[EventDate "2015.??.??"]

1. Nc3 d5 2. e4 c6 3. Qf3 dxe4 4. Nxe4 Nf6 5. Nxf6+ exf6 6. Bc4 Nd7 7. Bb3 Nc5
8. Ne2 Nxb3 9. axb3 Bd6 10. Qe3+ Qe7 11. Qxe7+ Kxe7 12. O-O Bf5 13. d3 Rhe8 14.
Bf4 Kd7 15. Be3 a6 16. Nc3 c5 17. Rfe1 Kc6 18. f4 Re7 19. Bd2 Rae8 20. Rxe7
Rxe7 21. Kf2 h5 22. Re1 g5 23. Rxe7 Bxe7 24. h3 b5 25. Ne2 h4 26. Ng1 g4 27.
hxg4 Bxg4 28. Nf3 f5 29. Ne5+ Kd5 30. c4+ Ke6 31. Nf3 b4 32. Be3 Kd6 33. d4
cxd4 34. Bxd4 h3 35. gxh3 Bxh3 36. Ne5 Bh4+ 37. Ke3 Ke6 38. Nd3 Be7 39. Nc5+
Bxc5 40. Bxc5 Kd7 41. Bxb4 Kc6 42. Ba3 Bg2 43. Kd4 Bf1 44. Bf8 Be2 45. b4 Bf1
46. Bg7 Be2 47. c5 Bf3 48. Ke5 Be4 49. Bf8 Bd3 50. Bd6 Bc4 51. Kf6 Bd3 52. Ke7
Be4 53. Kd8 Bd3 54. Kc8 Bb5 55. Kb8 Be2 56. Ka7 Bb5 57. Kb8 Be2 58. Kc8 Bc4 59.
Kd8 Bb5 60. Ke7 Bd3 61. Kxf7 Be4 62. Ke6 Bd3 63. Ke5 Bc2 64. Bf8 Be4 65. b3 Bc2
66. Bd6 Be4 67. Bf8 Bc2 68. b5+ axb5 69. b4 Bb1 70. Bd6 Be4 71. Bf8 Kd7 1/2-1/2

[Event "Xtracon Grand Master 2015"]
[Site "Koge"]
[Date "2015.10.13"]
[Round "2"]
[White "Jacobsen, Heidrikur T"]
[Black "Nielsen, Kai Gylling"]
[Result "1/2-1/2"]
[WhiteElo "1963"]
[BlackElo "1755"]
[PlyCount "80"]
[EventDate "2015.??.??"]

1. Nc3 e5 2. e4 Nc6 3. f4 d6 4. Nf3 Bg4 5. Be2 Bxf3 6. Bxf3 Nd4 7. O-O Nf6 8.
d3 c6 9. Kh1 Be7 10. Be3 O-O 11. Ne2 Nxf3 12. gxf3 Nd7 13. Ng3 exf4 14. Bxf4
Ne5 15. Be3 Qd7 16. Nf5 Bf6 17. f4 Ng6 18. Qg4 Qe6 19. Rg1 Kh8 20. Rg3 Ne7 21.
Rh3 Nxf5 22. Qh5 h6 23. exf5 Qd5+ 24. Kg1 Bd4 25. c3 Bxe3+ 26. Rxe3 Rae8 27.
Rh3 f6 28. Kf2 Qf7 29. Qg4 Re7 30. Re3 Rfe8 31. Rxe7 Qxe7 32. Qf3 d5 33. Rf1
Qc5+ 34. d4 Qb6 35. b3 Qc7 36. Re1 Rxe1 37. Kxe1 Qe7+ 38. Kf2 Qa3 39. Qe2 Kh7
40. Qc2 Qd6 1/2-1/2

[Event "Xtracon Grand Master 2015"]
[Site "Koge"]
[Date "2015.10.13"]
[Round "2"]
[White "Rasmussen, Henning"]
[Black "Hansen, Lars Henrik Bech"]
[Result "0-1"]
[WhiteElo "1800"]
[BlackElo "1956"]
[PlyCount "68"]
[EventDate "2015.??.??"]

1. d4 d6 2. e4 Nf6 3. Nc3 g6 4. f4 Bg7 5. Nf3 c5 6. dxc5 Qa5 7. Bd3 Qxc5 8. Qe2
O-O 9. Be3 Qa5 10. Bd2 Qb6 11. Rb1 Nc6 12. Be3 Qa5 13. O-O Ng4 14. Bd2 Qh5 15.
h3 Nf6 16. Be3 Bd7 17. a3 Rac8 18. Nh2 Qa5 19. Qf2 Ra8 20. Nb5 Nxe4 21. Bxe4
Qxb5 22. Bd3 Qa5 23. c3 Qc7 24. Nf3 b6 25. Nd4 Nxd4 26. cxd4 Qb7 27. Rbc1 Rac8
28. Qe2 b5 29. b4 a6 30. Qd2 Qd5 31. Be2 Bf5 32. Bf3 Be4 33. Bxe4 Qxe4 34. Rxc8
Rxc8 0-1